| 000 | 00834 a2200205 4500 | ||
|---|---|---|---|
| 999 |
_c194292 _d194292 |
||
| 005 | 20230127141727.0 | ||
| 010 | _aB-747203-208 E.N.A./7.11.22 | ||
| 020 |
_a9789355014009(Vol.-1) _c899.00 |
||
| 035 | _aB-747203-208 | ||
| 037 | _bAKPD | ||
| 082 | _a510 | ||
| 100 | _aKhanna, ML | ||
| 245 |
_aMathematics for IIT-JEE: _bMain & Advanced/ _cML Khanna |
||
| 260 |
_aNew Delhi _bS Chand And Company Limited _c2023 |
||
| 270 |
_aBlock B-1, House No-D-1, Grund Floor, Mohan Co-operative Industrial Estate, _bNew Delhi _e110044 |
||
| 300 |
_a1054p. _c27cm(pbk) |
||
| 490 | _vVol. 1 | ||
| 942 |
_2ddc _cEN _mKHA _h510 |
||